|
|
|
|
| LEADER |
00795ncm a22002292a 4500 |
| 001 |
001342330 |
| 003 |
CZ BrMZK |
| 005 |
20140402124146.0 |
| 007 |
qu |
| 008 |
131105s1943 xr |||||||||||||||||zxx d |
| 040 |
|
|
|a BOA001
|b cze
|
| 072 |
|
7 |
|a 786
|x Hudba pro klávesové nástroje
|2 Konspekt
|9 9
|
| 100 |
1 |
|
|a Siegl, Ada,
|d 1905-1989
|7 jx20090722007
|4 cmp
|
| 245 |
1 |
0 |
|a Zastaveníčko pro harmoniku
|h [hudebnina] /
|c Áda Siegl
|
| 260 |
|
|
|a Praha :
|b Fr. Kudelík,
|c [1943?]
|
| 300 |
|
|
|a [3] s.
|
| 490 |
1 |
|
|a Sbírka solových skladeb pro chromatickou harmoniku /
|
| 830 |
|
0 |
|a Sbírka solových skladeb pro chromatickou harmoniku /
|
| 910 |
|
|
|a BOA001
|b Mus4-0171.074
|
| 990 |
|
|
|a MU
|
| 991 |
|
|
|b 201311
|
| 996 |
6 |
|
|b 2619599621
|c Mus4-0171.074
|l MZK
|r Sklad / do 1 hodiny
|n 0
|w 001377261
|u 000010
|a 1
|e BOA001
|j MZK50
|s P
|